Nếu còn có ngày mai /
Tác phẩm này thuộc dòng văn học hiện thực phê phán. Nội dung của nó đề cập đến hiện thực hào nhoáng nhưng tồi tệ của xã hội tư bản rnói chung và xã hội Mỹ nói riêng đầy rẫy những bất công; những bạo lực...
Uloženo v:
| Hlavní autor: | |
|---|---|
| Další autoři: | |
| Médium: | Kniha |
| Jazyk: | Vietnamese English |
| Vydáno: |
Tp.HCM :
Văn nghệ,
2000.
|
| Témata: | |
| Tagy: |
Přidat tag
Žádné tagy, Buďte první, kdo otaguje tento záznam!
|
| Thư viện lưu trữ: | Mạng thư viện Đại học Đà Nẵng |
|---|
| LEADER | 01264cam a2200385 i 4500 | ||
|---|---|---|---|
| 001 | 000046561 | ||
| 003 | 6059 | ||
| 005 | 20030917084404.0 | ||
| 008 | 010307b2000 vm 000 vie | ||
| 020 | |c 45000 | ||
| 040 | |a IRC |c IRC |d IRC | ||
| 041 | 1 | |a vie |h eng | |
| 082 | 1 | 4 | |a 813 |b SH-S |
| 100 | 1 | |a Sheldon, Sidney. | |
| 245 | 0 | 0 | |a Nếu còn có ngày mai / |c Sidney Sheldon ; Nguyễn Bá Long dịch. |
| 260 | |a Tp.HCM : |b Văn nghệ, |c 2000. | ||
| 300 | |a 521tr. ; |c 19cm. | ||
| 520 | 3 | |a Tác phẩm này thuộc dòng văn học hiện thực phê phán. Nội dung của nó đề cập đến hiện thực hào nhoáng nhưng tồi tệ của xã hội tư bản rnói chung và xã hội Mỹ nói riêng đầy rẫy những bất công; những bạo lực... | |
| 630 | 0 | 4 | |a Văn học. |
| 630 | 0 | 4 | |a Tiểu thuyết. |
| 630 | 0 | 4 | |a Văn học Mỹ. |
| 630 | 0 | 4 | |a Sidney Sheldon. |
| 630 | 0 | 4 | |a Nếu còn có ngày mai. |
| 650 | 0 | 4 | |a Tiểu thuyết Hoa Kỳ. |
| 700 | 1 | |a Nguyễn Bá Long, |e dịch. | |
| OWN | |a DUT | ||
| 999 | |a From the UDN01 | ||
| TYP | |a Monograph | ||
| TYP | |a Printed language | ||
| 980 | |a Mạng thư viện Đại học Đà Nẵng | ||